000
00290nam a2200145Ia 4500
100
_a
Rao/P.N.
650
_a
PRODUCTION
942
_c
BK
366
_f
25
245
_a
MANUFACTURING TECH-1
260
_b
Newnes
_a
Oxford
_c
2006
082
_a
620.1/RAO
300
_a
400
546
_a
ENGLISH
999
_c
27729
_d
27729